El mundo de la pareja (Record no. 102097)

MARC details
000 -LEADER
fixed length control field 00769nam a22002417a 4500
005 - DATE AND TIME OF LATEST TRANSACTION
control field 20250806114438.0
008 - FIXED-LENGTH DATA ELEMENTS--GENERAL INFORMATION
fixed length control field 250106b sp |||||||| |||| 00| 0 spa d
020 ## - INTERNATIONAL STANDARD BOOK NUMBER
International Standard Book Number 8477510164 (o. c.)
020 ## - INTERNATIONAL STANDARD BOOK NUMBER
International Standard Book Number 8477510172 (v.1)
020 ## - INTERNATIONAL STANDARD BOOK NUMBER
International Standard Book Number 8477510180 (v.2)
020 ## - INTERNATIONAL STANDARD BOOK NUMBER
International Standard Book Number 8477510199 (v.3)
050 04 - LIBRARY OF CONGRESS CALL NUMBER
Classification number HQ21
Item number M86 1991
245 00 - TITLE STATEMENT
Title El mundo de la pareja
Statement of responsibility, etc / colaboradores especialistas Prudence Tunnadine,...[et al.]
250 ## - EDITION STATEMENT
Edition statement 1a ed.
260 ## - PUBLICATION, DISTRIBUTION, ETC. (IMPRINT)
Place of publication, distribution, etc Barcelona, España :
Name of publisher, distributor, etc Planeta-Agostini :
-- Planeta Internacional,
Date of publication, distribution, etc 1991
300 ## - PHYSICAL DESCRIPTION
Extent v. ;
Dimensions 28 cm.
500 ## - GENERAL NOTE
General note Incluye índice
650 #7 - SUBJECT ADDED ENTRY--TOPICAL TERM
Source of heading or term lemb
Topical term or geographic name as entry element Sexo
700 1# - ADDED ENTRY--PERSONAL NAME
Personal name Tunnnadine, Prudence,
Relator term colaborador
700 1# - ADDED ENTRY--PERSONAL NAME
Personal name Shapiro, Rose,
Relator term colaborador
700 1# - ADDED ENTRY--PERSONAL NAME
Personal name Gosselin, Chris,
Relator term colaborador
942 ## - ADDED ENTRY ELEMENTS (KOHA)
Source of classification or shelving scheme Biblioteca del Cogreso de los Estados Unidos
Koha item type Libro
Holdings
Estado de pérdida Fuente de clasificación Estado del daño No para préstamo Ubicación permanente Ubicación actual Apartado o colección Fecha de adquisición Edición Enumeración de Serie / Cronológica Área del conocimiento Total Checkouts Clasificación Código de Barras Date last seen Número de copia Costo por reposición Tipo de recurso
  Biblioteca del Cogreso de los Estados Unidos     Biblioteca Pública Universitaria Biblioteca Pública Universitaria Consulta 06/08/2025 1a ed. V:1 Ciencias Sociales y Administrativas   HQ21 M86 1991 BPU000001173 06/08/2025 1 1.00 Libro
  Biblioteca del Cogreso de los Estados Unidos     Biblioteca Pública Universitaria Biblioteca Pública Universitaria Consulta 06/08/2025 1a ed. V:2 Ciencias Sociales y Administrativas   HQ21 M86 1991 BPU000001174 06/08/2025 1 1.00 Libro
  Biblioteca del Cogreso de los Estados Unidos     Biblioteca Pública Universitaria Biblioteca Pública Universitaria Consulta 06/08/2025 1a ed. V:3 Ciencias Sociales y Administrativas   HQ21 M86 1991 BPU000001175 06/08/2025 1 1.00 Libro